Statystyki dla Federacje krajowe należące do OFC

Kliknij tutaj aby rozwiązać quiz!

Ogólne statystyki

  • Ten quiz został rozwiązany 25 razy
  • Średni wynik to 12 z 16

Statystyki odpowiedzi

Federacja/Państwo% Poprawnych
Nowa Zelandia
100%
Fidżi
95%
Kiribati
85%
Samoa
85%
Vanuatu
85%
Mikronezja
80%
Palau
80%
Tonga
80%
Tuvalu
80%
Papua-Nowa Gwinea
75%
Wyspy Salomona
70%
Samoa Amerykańskie
65%
Nowa Kaledonia
55%
Tahiti
50%
Wyspy Cooka
50%
Niue
30%

Rozkład punktacji

Percentyl według liczby udzielonych odpowiedzi

Procent ludzi z każdym wynikiem

Twoja historia wyników

Nie rozwiązałeś tego quizu